000 00467nam a2200157Ia 4500
008 210716s1999 xx 000 0 und d
020 _a0074632256
041 _aeng
082 _a658.15 KHAM
100 _aKhan, M Y;Jain, P K.
245 _aFinancial management: text and problems.
_btext and problems.
250 _a3
260 _aNew Delhi
_bTata McGraw Hill Education Private Limited
_c1999
300 _axxi,20.20, A22, I.10
650 _aFinancial Management
999 _c197604
_d197604